000 02165cam a2200433 4500500
005 20260111080824.0
041 _afre
042 _adc
100 1 0 _aPaulino Pereira, Fernando
_eauthor
245 0 0 _aLa coopération judiciaire en matière civile dans l’Union européenne : bilan et perspectives
260 _c2010.
500 _a49
520 _aL’idée que certaines personnes dangereuses, que l’on pourrait qualifier comme telles en termes psychopathologiques, sont une cause de la criminalité est devenue depuis les années 1970 un opérateur important de notre droit pénal. Alors que les pathologies psychiatriques ne sont pas, en tant que telles, la cause de comportements asociaux ou violents, cette idée bute pourtant sur la nature précise de cette qualification.
520 _aThe idea according to which certain persons that could be qualified as dangerous in psychopathologic terms are a cause of crime has become an important factor in our criminal law since the 1970s. While psychiatric pathologies are not, as such, the cause of asocial or violent behaviour, this idea runs up against the precise nature of this qualification.
690 _aCompétence juridictionnelle
690 _aConflit de lois
690 _aCoopération judiciaire
690 _aExécution
690 _aMatière civile
690 _aProcédure
690 _aProgramme de Stockholm
690 _aReconnaissance des décisions
690 _aRelations avec les Etats tiers
690 _aTraité de Lisbonne
690 _aUnion européenne
690 _aChoice of Law
690 _aCivil matters
690 _aEnforcement
690 _aEuropean Union
690 _aJudicial cooperation
690 _aJurisdiction
690 _aProcedure
690 _aRecognition of judgments
690 _aRelationships with Third States
690 _aStockholm Program
690 _aTreaty of Lisbon
786 0 _nRevue critique de droit international privé | 1 | 1 | 2010-01-01 | p. 1-36 | 0035-0958
856 4 1 _uhttps://droit.cairn.info/revue-critique-de-droit-international-prive-2010-1-page-1?lang=fr&redirect-ssocas=7080
999 _c1616570
_d1616570